000
00258nam a22001097a 4500
008
170113b xxu||||| |||| 00| 0 eng d
020
_a
9780781715751
041
_a
eng
080
_a
618.2
245
_a
MEDICAL-SURGICAL NURSING
_c
SMELTZER, S.C
942
_2
udc
_c
BK
999
_c
2873
_d
2873